Introduction to Special Educational Needs Disability and Inclusion (Record no. 6808)
[ view plain ]
| 005 - DATE AND TIME OF LATEST TRANSACTION | |
|---|---|
| control field | 20260313124137.0 |
| 020 ## - INTERNATIONAL STANDARD BOOK NUMBER | |
| International Standard Book Number | 9781526494825 |
| 100 ## - MAIN ENTRY--PERSONAL NAME | |
| Author name | SEWELL,A |
| 245 ## - TITLE STATEMENT | |
| Title | Introduction to Special Educational Needs Disability and Inclusion |
| 260 ## - PUBLICATION, DISTRIBUTION, ETC. | |
| Place of publication, distribution, etc. | London |
| Name of publisher, distributor, etc. | SAGE |
| Date of publication, distribution, etc. | 2021 |
| 300 ## - PHYSICAL DESCRIPTION | |
| Extent | viii,236p;ill;table. |
| Other physical details | Reference and Index |
| Dimensions | 23cm |
| 700 ## - ADDED ENTRY--PERSONAL NAME | |
| Other authors/Editors | SMITH,J |
| 942 ## - ADDED ENTRY ELEMENTS (KOHA) | |
| Source of classification or shelving scheme | Dewey Decimal Classification |
| Koha item type | Books |
| Date last seen | Total checkouts | Full call number | Barcode | Cost, replacement price | Price effective from | Koha item type | Lost status | Source of classification or shelving scheme | Damaged status | Not for loan | Withdrawn status | Home library | Current library | Shelving location | Date acquired | Source of acquisition | Cost, normal purchase price |
|---|---|---|---|---|---|---|---|---|---|---|---|---|---|---|---|---|---|
| 03/13/2026 | 371.904 | MBY0001070 | 252039.00 | 03/13/2026 | Books | Dewey Decimal Classification | CBE MBEYA | CBE MBEYA | Special Reserve Collection | 02/27/2026 | PURCHASE | 84013.00 | |||||
| 03/13/2026 | 371.904 | MBY0001071 | 252039.00 | 03/13/2026 | Books | Dewey Decimal Classification | CBE MBEYA | CBE MBEYA | General Collection | 02/27/2026 | PURCHASE | 84013.00 | |||||
| 03/13/2026 | 371.904 | MBY0001072 | 252039.00 | 03/13/2026 | Books | Dewey Decimal Classification | CBE MBEYA | CBE MBEYA | General Collection | 02/27/2026 | PURCHASE | 84013.00 |
